000 01461nam a2200265 a 4500
008 081124s1997 ||||||||||||||||| || u
020 _a9241545038
020 _a9241544805
050 _aTD 215 Wor
110 _aWorld Health Organization (WHO)
245 1 0 _aGuidelines for drinking-water quality: surveilance and control of community supplies; (2nd ed.)
246 _aWorld Health Organization
250 _a2nd ed.
260 _aGeneva :
_bWorld Health Organization (WHO)
_c1997
300 _a3 v. : ill.
350 _a0.00
650 _aWATER SUPPLY - STANDARDS
650 _aWATER
650 _aDRINKING WATER - STANDARDS - HANDBOOKS, MANUALS, ETC
995 _aTEXTBOOKS (SBE)
_D0.00
_e2680
_FCBU-SCHOOL TEXTBOOK COLLECTIONS
_H1
_I0.00
_jSCHOOL TEXTBOOK
_M1
_UAVAILABLE
_WNov 24, 2008
_y2680
_ZSchool Collections
995 _aMAIN LIBRARY OPEN ACCESS
_D0.00
_e727316
_FCBU-MAIN LIBRARY (Kitwe)
_H4
_I25.00
_jTD 370 Wor
_M4
_UAVAILABLE
_y018090
_ZMain Library Open Access Collection
995 _aMAIN LIBRARY OPEN ACCESS
_D0.00
_e018086
_FCBU-MAIN LIBRARY (Kitwe)
_H3
_I25.00
_jTD 370 Wor
_M1
_ULOST
_y018086
_ZMain Library Open Access Collection
995 _aMAIN LIBRARY OPEN ACCESS
_D0.00
_e727315
_FCBU-MAIN LIBRARY (Kitwe)
_H2
_I25.00
_jTD 370 Wor
_M3
_UAVAILABLE
_y018089
_ZMain Library Open Access Collection
995 _aMAIN LIBRARY OPEN ACCESS
_D0.00
_e727313
_FCBU-MAIN LIBRARY (Kitwe)
_H1
_I25.00
_jTD 370 Wor
_M2
_UAVAILABLE
_y018087
_ZMain Library Open Access Collection
999 _c76073
_d76073